Normal view
MARC view
Entry Nombre personal
001 - NÚMERO DE CONTROL
- campo de control: 44227
003 - IDENTIFICADOR DE NÚMERO DE CONTROL
- campo de control: OSt
005 - FECHA Y HORA DE LA ÚLTIMA TRANSACCIÓN
- campo de control: 20240605103448.0
008 - ELEMENTOS DE DATO DE LONGITUD-FIJA
- campo de control de longitud fija: 950801 n acnnnaaan n ann d
024 7# - IDENTIFICADOR DE OTROS ESTÁNDARES
- Fuente: VIAF, 5-6-2024.
- Número estándar o código: http://viaf.org/viaf/4950520
040 ## - FUENTE DE CATALOGACIÓN
- Centro catalogador/agencia de origen: OSt
- Centro/agencia transcriptor: OSt
100 00 - ENCABEZAMIENTO-NOMBRE DE PERSONA
- Nombre de persona: Díaz de Guereñu, Juan Manuel,
- Fechas asociadas al nombre: 1956-
